Celebrity Sneezes Quiz Stats

Quiz Updated Mar 3, 2013

Also try: Sad Celebrities
Challenge
Share
Tweet
Score 0/20 Timer 05:00
1 Play Today
Celebrity % Correct
Barack Obama
96%
Prince Harry
89.4%
Prince William
89.1%
Sneezy
88.9%
Paris Hilton
86.1%
Sharon Osbourne
79.1%
David Beckham
77.6%
Woody Allen
70.5%
Drew Barrymore
69.8%
Lisa Kudrow
68.7%
Celebrity % Correct
Kim Kardashian
62.4%
Katie Holmes
61.5%
Sandra Bullock
48.4%
Sharon Stone
42.2%
Heather Locklear
39.9%
Halle Berry
38.6%
Jennifer Garner
22%
Jessica Alba
20.5%
Winona Ryder
14.3%
Bill Paxton
11.5%

You're not logged in!

Compare scores with friends on all Sporcle quizzes.
Sign Up with Email
OR
Log In

You Might Also Like...

Show Comments

Extras

Top Quizzes Today


Score Distribution

Your Account Isn't Verified!

In order to create a playlist on Sporcle, you need to verify the email address you used during registration. Go to your Sporcle Settings to finish the process.